Investičná reprodukcia technickej základne hmotné investovanie

Gespeichert in:
Bibliographische Detailangaben
1. Verfasser: Moravčík, Alexander
Körperschaft: Ekonomická univerzita v Bratislave. Národohospodárska fakulta
Format: Buch
Sprache:Slowakisch
Veröffentlicht: Bratislava Vydavateľstvo EKONÓM 2000
Schlagworte:
Tags: Tag hinzufügen
Keine Tags, Fügen Sie das erste Tag hinzu!

MARC

LEADER 00000nam a2200000 4500
001 c124026
005 20221123132934.9
020 |a 80-225-1366-0 
041 0 |a slo 
044 |a SK 
245 1 0 |a Investičná reprodukcia technickej základne  |b hmotné investovanie  |c Alexander Moravčík 
264 1 |a Bratislava  |b Vydavateľstvo EKONÓM  |c 2000 
300 |a 233 s. 
610 2 0 |a reprodukcia 
610 2 0 |a základňa technická 
610 2 0 |a hospodárstvo trhové 
610 2 0 |a zmeny štruktúrne 
610 2 0 |a investovanie 
610 2 0 |a kapitál fixný 
610 2 0 |a účtovníctvo národné 
610 2 0 |a odpisy 
610 2 0 |a opotrebovanie fyzické 
610 2 0 |a obnova fondov základných 
610 2 0 |a rozhodovanie investičné 
100 1 |a Moravčík, Alexander 
710 2 |a Ekonomická univerzita v Bratislave. Národohospodárska fakulta